| 000 | 00361nam a2200157Ia 4500 | ||
|---|---|---|---|
| 008 | 221030s9999 xx 000 0 und d | ||
| 020 | _a8220302560 | ||
| 041 | _aEnglish | ||
| 082 |
_a105.23 _bVan |
||
| 100 | _aV. Valkenburg | ||
| 245 | 0 |
_aNetwork Analysis _cby V. Valkenburg |
|
| 260 |
_bPHI _aNew Delhi _c2000 |
||
| 300 | _a569 | ||
| 650 | _aEE | ||
| 942 | _cBK | ||
| 999 |
_c2498 _d2498 |
||